D. Thomae Aquinatis, Doctoris Angelici, Ordinis Praedicatorum, opera, juxta editionem venetam MDCCLV ad plurima exempla comparatam

Detalles Bibliográficos
Autor principal: Tomás de Aquino, santo, 1225?-1274
Otros Autores: Rubeis, Juan Francisco Bernardo María de, com
Formato: Libro
Lenguaje:Latin
Publicado: Matriti : ex typographia viduae Elisaei Sanchez, 1765-1777.
Edición:Editio prima matritensis à quam pluribus mendis repurgata. Accedunt F. Joan. Franc. Bernard. Mariae de Rubeis in singula opera admonitiones previae
Materias:
Colección:Banco de datos
Acervo:Instituto de Historia de la Universidad Juárez de Durango
Descripción Física:16 t. ; 4°
Tema general:Teología dogmática
Notas:Portada con pleca y grabado central xilográfico. Título de la anteportada: D. Thomae Aquinatis, Doctoris Angelici, opera. Texto a dos columnas. Cada tomo con portada y numeración propias. Año de los t. 1, 4-5, 7 publicados en 1765. Encuadernación en pergamino sobre cartón (49, 51, 53). Encuadernación en pergamino (50, 52). Daños en la encuadernación (49, 50, 52). Daños de polilla y en la encuadernación (53)
LEADER 01648nam a22002170004500
035 |a 40 
041 0 |a lat 
100 1 |a Tomás de Aquino, santo, 1225?-1274 
245 1 0 |a D. Thomae Aquinatis, Doctoris Angelici, Ordinis Praedicatorum, opera, juxta editionem venetam MDCCLV ad plurima exempla comparatam 
250 |a Editio prima matritensis à quam pluribus mendis repurgata. Accedunt F. Joan. Franc. Bernard. Mariae de Rubeis in singula opera admonitiones previae 
260 |a Matriti : ex typographia viduae Elisaei Sanchez, 1765-1777. 
300 |a 16 t. ; 4° 
500 |a Portada con pleca y grabado central xilográfico. Título de la anteportada: D. Thomae Aquinatis, Doctoris Angelici, opera. Texto a dos columnas. Cada tomo con portada y numeración propias. Año de los t. 1, 4-5, 7 publicados en 1765. Encuadernación en pergamino sobre cartón (49, 51, 53). Encuadernación en pergamino (50, 52). Daños en la encuadernación (49, 50, 52). Daños de polilla y en la encuadernación (53) 
505 0 0 |a t. 1 Complectens summae theologicae primam partem.-- t. 4 Complectens summae theologicae secundam secundae.-- t. 5 Complectens summae theologicae secundam secundae.-- t. 7 Complectens summae theologicae sex indices 
600 1 4 |a Tomás de Aquino, santo, 1225?-1274 - Obras 
650 1 0 |a Teología dogmática 
700 1 |a Rubeis, Juan Francisco Bernardo María de, com. 
949 |a Instituto de Investigaciones Históricas de la Universidad Juárez del Estado de Durango t. 1 (49, 50); t. 4 (519; t. 5 (52); t. 7 (53) 
942 |c DURANIIH 
943 |g Instituto de Historia de la Universidad Juárez de Durango 
999 |c 1104007  |d 1104007